02045 2200649 4500001002100000005001500021035002000036008004100056245006800097100001900165250000600184260003100190300003000221020002200251084001400273520063000287082000800917650001400925990001200939990001200951990001200963990001200975990001200987990001200999990001201011990001201023990001201035990001201047990001201059990001201071990001201083990001201095990001201107990001201119990001201131990001201143990001201155990001201167990001201179990001201191990001201203990001201215990001201227990001201239990001201251990001201263990001201275990001201287990001201299990001201311990001201323990001201335990001201347990001201359990001201371990001201383INLIS00000000000000120240430025351 a0010-0324000001240430 0 ind 1 aErlangga X-Press UN SMA/MA 2019 Matematika IPS /cTim Progresif aProgresif, Tim a1 aJakarta :bErlangga,c2018 a136 hlm. ;c21 cm x 26 cm a978-602-434-973-8 a510 TIM e aErlangga X-Press UN adalah buku soal untuk persiapan menghadapi Ujian Nasional lebih dini. Dengan buku ini, peserta didik diharapkan dapat meraih nilai tinggi di UN. Buku ini dapat digunakan untuk peserta didik yang akan menempuh UNBK, karena selain dapat berlatih soal-soal tipe UN yang biasanya keluar dalam UN tahun-tahun sebelumnya, buku ini juga dilengkapi dengan QR Code yang berisi paket latihan soal UNBK. Dengan demikian, peserta didik menjadi terbiasa untuk mengerjakan soal dengan sistem komputer. Buku ini bertujuan membekali peserta didik dengan strategi belajar: Pahami, Kenali, Coba, Simulasikan! Dijamin Bisa! a510 4aNon Fiksi a0739283 a0739284 a0739285 a0739286 a0739287 a0739288 a0739289 a0739290 a0739291 a0739292 a0739293 a0739294 a0739295 a0739296 a0739297 a0739298 a0739299 a0739300 a0739301 a0739302 a0739303 a0739304 a0739305 a0739306 a0739307 a0739308 a0739309 a0739310 a0739311 a0739312 a0739313 a0739314 a0739315 a0739316 a0739317 a0739318 a0739319 a0739320